Statistics for Country Names starting with 2 consonants

Click here to take the quiz!

General Stats

  • This quiz has been taken 2,433 times
  • The average score is 16 of 24

Answer Stats

Country% Correct
China
85%
Brazil
83%
Sweden
82%
France
80%
Chile
79%
Spain
79%
Switzerland
75%
Croatia
72%
Bhutan
71%
Greece
71%
Czech Republic
69%
Slovenia
68%
Brunei
67%
Chad
67%
Slovakia
67%
Thailand
67%
Djibouti
62%
Ghana
62%
Rwanda
57%
Sri Lanka
55%
Trinidad and Tobago
55%
Swaziland
54%
Philippines
53%
Grenada
50%

Score Distribution

Percentile by Number Answered

Percent of People with Each Score

Your Score History

You have not taken this quiz